• 首页
  • 本馆介绍
  • 公告通知
  • 最新文献
  • 馆藏检索
  • 电子资源
  • 读者导购
  • 参考咨询
  • 我的图书馆
  • 登录
  • 详细信息显示
  • 放入我的书架
  • 预约/预借图书
  • 作者相关作品
  • 分类相关作品
  • 丛书相关作品
  • 出版社相关作品

书目信息

  • 表格格式
  • 工作单格式
  • 卡片格式
题名:
《初学记》引经考
    
 
作者: 李玲玲 著
分册:  
出版信息: 北京   中国社会科学出版社  2013
页数: 489页
开本: 24cm
丛书名: 当代浙江学术文库
单 册:
中图分类: Z221
科图分类:
主题词: 引文 , 考证
电子资源:
ISBN: 978-7-5161-3457-3
000 01234nam0 2200301 450
001 523
005 20140909103327.29
010    @a978-7-5161-3457-3@dCNY85.00
100    @a20140228d2013 emky0chiy50 ea
101 0  @achi
102    @aCN@b110000
105    @ay z 000yy
106    @ar
200 1  @a《初学记》引经考@A《 Chu Xue Ji》 Yin Jing Kao@f李玲玲著@FLi Ling Ling Zhu
210    @a北京@c中国社会科学出版社@d2013
215    @a489页@d24cm
225 2  @a当代浙江学术文库
300    @a2011年度浙江省社科联省级社会科学学术著作出版资金全额资助出版 浙江省教育厅课题研究成果 杭州市哲学社会科学规划课题
330    @a本书以《初学记》所引经文为研究对象,首次全面系统地整理了《初学记》引用的经传注疏。通过引文与通行本的比较,重点考察文字、语音、辞汇的异同与变迁,分析版本、佚文、他注、异本的流传和演变。分析了《初学记》引经存在的问题,以实例的形式详细罗列了错、倒、讹、脱、衍等多种情况,有助于《初学记》的进一步整理和其他类书引文的研究。
461  0 @12001 @a当代浙江学术文库
605    @a《初学记》@x引文@x考证
605    @a《初学记》
606 0  @a引文
606 0  @a考证
690    @aZ221@v5
701  0 @a李玲玲@ALi Ling Ling@c(女,@f1981~)@4著
801  0 @aCN@bTANGWEI@c20140603
905    @b0839584-86@dZ221@e122@f3
    
    《初学记》引经考/李玲玲著.-北京:中国社会科学出版社,2013
    489页;24cm.-(当代浙江学术文库)
    2011年度浙江省社科联省级社会科学学术著作出版资金全额资助出版 浙江省教育厅课题研究成果 杭州市哲学社会科学规划课题
    
    ISBN 978-7-5161-3457-3:CNY85.00
    本书以《初学记》所引经文为研究对象,首次全面系统地整理了《初学记》引用的经传注疏。通过引文与通行本的比较,重点考察文字、语音、辞汇的异同与变迁,分析版本、佚文、他注、异本的流传和演变。分析了《初学记》引经存在的问题,以实例的形式详细罗列了错、倒、讹、脱、衍等多种情况,有助于《初学记》的进一步整理和其他类书引文的研究。
●
相关链接 在E读中查询图书 在五车中查询图书 在当当中查询图书 在豆瓣中查询图书


正题名:《初学记》引经考     索取号:Z221/122         预约/预借

序号 登录号 条形码 馆藏地/架位号 状态 备注
1 0839584   208395841   第二样本阅览室/ [索取号:Z221/122] 在馆    
2 0839585   208395850   第三借阅区/ [索取号:Z221/122] 在馆    
3 0839586   208395869   第三借阅区/ [索取号:Z221/122] 在馆    
唐山师范学院图书馆 欢迎您!
大连网信软件有限公司© 版权所有